Сибирь в пространстве международных отношений: прошлое, настоящее, будущее (Запись № 13737411)

Подробности
000 -МАРКЕР
контрольное поле 02213nam1a2200349 4500
001 - ИДЕНТИФИКАТОР ЗАПИСИ
контрольное поле RU\NLR\BIBL_A\022839232
005 - ИДЕНТИФИКАТОР ВЕРСИИ
контрольное поле 20260623074824.0
035 ## - ДРУГИЕ СИСТЕМНЫЕ НОМЕРА
Идентификатор записи (NLR Aleph) 022839232
100 ## - ДАННЫЕ ОБЩЕЙ ОБРАБОТКИ
Данные общей обработки 20230529g20239999k y0rusy50 ca
101 0# - ЯЗЫК РЕСУРСА
Язык текста, звукозаписи и т.д. русский
102 ## - СТРАНА ПУБЛИКАЦИИ ИЛИ ПРОИЗВОДСТВА
Страна публикации Российская Федерация
105 ## - ПОЛЕ КОДИРОВАННЫХ ДАННЫХ: ТЕКСТОВЫЕ МАТЕРИАЛЫ, МОНОГРАФИЧЕСКИЕ
Кодированные данные о монографическом текстовом документе a z 100zy
181 #0 - ПОЛЕ КОДИРОВАННЫХ ДАННЫХ: ВИД СОДЕРЖАНИЯ
Код вида содержания (ISBD) i
Код характеристики содержания (ISBD) axxe
182 #0 - ПОЛЕ КОДИРОВАННЫХ ДАННЫХ: ТИП СРЕДСТВА
Код типа средства (ISBD) n - непосредственное
200 1# - ЗАГЛАВИЕ И СВЕДЕНИЯ ОБ ОТВЕТСТВЕННОСТИ
Основное заглавие Сибирь в пространстве международных отношений: прошлое, настоящее, будущее
Сведения, относящиеся к заглавию [материалы Всероссийских студенческих научно-практических конференций]
Первые сведения об ответственности Министерство науки и высшего образования Российской Федерации, Байкальский государственный университет
Последующие сведения об ответственности редакционная коллегия: ... И. В. Олейников, А. А. Распопина (ответственные редакторы)
203 ## - ВИД СОДЕРЖАНИЯ И ТИП СРЕДСТВА
Вид содержания Текст
Дополнительные сведения об издании визуальный
Тип средства непосредственный
210 ## - ПУБЛИКАЦИЯ, РАСПРОСТРАНЕНИЕ И ДР.
Место издания, распространения и т.д. Иркутск
Имя издателя, распространителя и т. д. Издательский дом БГУ
Дата издания, распространения и т.д. 2023-
215 ## - ФИЗИЧЕСКАЯ ХАРАКТЕРИСТИКА
Размеры 21
300 ## - ОБЩИЕ ПРИМЕЧАНИЯ
Текст примечания Рез. англ.
320 ## - ПРИМЕЧАНИЯ О НАЛИЧИИ В ДОКУМЕНТЕ БИБЛИОГРАФИИ / УКАЗАТЕЛЯ
Текст примечания Библиогр. в конце ст.
607 ## - ГЕОГРАФИЧЕСКОЕ НАИМЕНОВАНИЕ КАК ПРЕДМЕТ
Географическое наименование Сибирь
Формальный подзаголовок Съезды, совещания и т.п
Тематический подзаголовок Народное хозяйство
Системный номер авторитетной/нормативной записи 1399435
Идентификатор авторитетной/нормативной записи RU\NLR\AUTH\66276273
607 ## - ГЕОГРАФИЧЕСКОЕ НАИМЕНОВАНИЕ КАК ПРЕДМЕТ
Географическое наименование Сибирь
Формальный подзаголовок Съезды, совещания и т.п
Тематический подзаголовок История
Системный номер авторитетной/нормативной записи 1037443
Идентификатор авторитетной/нормативной записи RU\NLR\AUTH\6681060
686 1# - ИНДЕКСЫ ДРУГИХ КЛАССИФИКАЦИЙ
Индекс Т3(2Р5)я431
686 1# - ИНДЕКСЫ ДРУГИХ КЛАССИФИКАЦИЙ
Индекс У03(2Р5)74я431
702 #1 - ИМЯ ЛИЦА - ВТОРИЧНАЯ ОТВЕТСТВЕННОСТЬ
Начальный элемент ввода Олейников
Часть имени, кроме начального элемента ввода И. В.
Расширение инициалов личного имени Илья Васильевич
Код отношения Редактор
711 02 - НАИМЕНОВАНИЕ ОРГАНИЗАЦИИ - АЛЬТЕРНАТИВНАЯ ОТВЕТСТВЕННОСТЬ
Начальный элемент ввода "Сибирь в пространстве международных отношений: прошлое, настоящее, будущее", всероссийская студенческая научно-практическая конференция
Идентифицирующий признак Иркутск
Системный номер авторитетной/нормативной записи 2713998
Идентификатор авторитетной/нормативной записи RU\NLR\AUTH\880644323
712 02 - НАИМЕНОВАНИЕ ОРГАНИЗАЦИИ - ВТОРИЧНАЯ ОТВЕТСТВЕННОСТЬ
Код отношения Издающая организация
Начальный элемент ввода Байкальский государственный университет
Идентифицирующий признак Иркутск
Системный номер авторитетной/нормативной записи 510205
Идентификатор авторитетной/нормативной записи RU\NLR\AUTH\880422718
852 ## - МЕСТОНАХОЖДЕНИЕ И ШИФР ХРАНЕНИЯ
Идентификатор организации NLR
Шифр хранения (Call Number) 2023-3/12367
942 ## - ДОПОЛНИТЕЛЬНЫЕ ЭЛЕМЕНТЫ ЗАПИСИ (АБИС)
Тип экземпляра АБИС Книга
980 ## - КОЛЛЕКЦИЯ
Название коллекции Национальная библиография

Нет доступных экземпляров.